Principles of Micro-Economics (Record no. 5557)
[ view plain ]
| 005 - DATE AND TIME OF LATEST TRANSACTION | |
|---|---|
| control field | 20250627083949.0 |
| 020 ## - INTERNATIONAL STANDARD BOOK NUMBER | |
| International Standard Book Number | 0-07-255409-6 |
| 082 ## - DEWEY DECIMAL CLASSIFICATION NUMBER | |
| Classification number | 338.5 FRA |
| 100 ## - MAIN ENTRY--PERSONAL NAME | |
| Author name | FRANK, R. H. |
| 245 ## - TITLE STATEMENT | |
| Title | Principles of Micro-Economics |
| 250 ## - EDITION STATEMENT | |
| Edition statement | 2nd Ed. |
| 260 ## - PUBLICATION, DISTRIBUTION, ETC. | |
| Place of publication, distribution, etc. | New York, |
| Name of publisher, distributor, etc. | McGraw Hill, |
| Date of publication, distribution, etc. | 2004 |
| 300 ## - PHYSICAL DESCRIPTION | |
| Extent | xxxi,423p.; ill.; figure |
| Other physical details | Glossary & Index |
| Dimensions | 25cm |
| 700 ## - ADDED ENTRY--PERSONAL NAME | |
| Other authors/Editors | BERNANKE, B. |
| 942 ## - ADDED ENTRY ELEMENTS (KOHA) | |
| Source of classification or shelving scheme | Dewey Decimal Classification |
| Koha item type | Books |
| Date last seen | Total checkouts | Full call number | Barcode | Cost, replacement price | Price effective from | Koha item type | Lost status | Source of classification or shelving scheme | Damaged status | Not for loan | Withdrawn status | Home library | Current library | Shelving location | Date acquired | Cost, normal purchase price |
|---|---|---|---|---|---|---|---|---|---|---|---|---|---|---|---|---|
| 06/27/2025 | 338.5 FRA | DOM0003169 | 180000.00 | 06/27/2025 | Books | Dewey Decimal Classification | CBE Dodoma | CBE Dodoma | General Collection | 05/12/2008 | 60000.00 | |||||
| 06/27/2025 | 338.5 FRA | DOM0003168 | 180000.00 | 06/27/2025 | Books | Dewey Decimal Classification | CBE Dodoma | CBE Dodoma | General Collection | 05/12/2008 | 60000.00 | |||||
| 06/27/2025 | 338.5 FRA | DOM0003248 | 180000.00 | 06/27/2025 | Books | Dewey Decimal Classification | CBE Dodoma | CBE Dodoma | General Collection | 02/17/2010 | 60000.00 | |||||
| 06/27/2025 | 338.5 FRA | DOM0003247 | 180000.00 | 06/27/2025 | Books | Dewey Decimal Classification | CBE Dodoma | CBE Dodoma | General Collection | 02/17/2010 | 60000.00 | |||||
| 06/27/2025 | 338.5 FRA | DOM0003249 | 180000.00 | 06/27/2025 | Books | Dewey Decimal Classification | CBE Dodoma | CBE Dodoma | General Collection | 02/17/2010 | 60000.00 | |||||
| 06/27/2025 | 338.5 FRA | DOM0003371 | 180000.00 | 06/27/2025 | Books | Dewey Decimal Classification | CBE Dodoma | CBE Dodoma | General Collection | 02/17/2010 | 60000.00 | |||||
| 06/27/2025 | 338.5 FRA | DOM0003246 | 180000.00 | 06/27/2025 | Books | Dewey Decimal Classification | CBE Dodoma | CBE Dodoma | General Collection | 02/17/2010 | 60000.00 | |||||
| 06/27/2025 | 338.5 FRA | DOM0003370 | 180000.00 | 06/27/2025 | Books | Dewey Decimal Classification | CBE Dodoma | CBE Dodoma | General Collection | 02/17/2010 | 60000.00 | |||||
| 06/27/2025 | 338.5 FRA | DOM0003401 | 180000.00 | 06/27/2025 | Books | Dewey Decimal Classification | CBE Dodoma | CBE Dodoma | General Collection | 02/17/2010 | 60000.00 | |||||
| 06/27/2025 | 338.5 FRA | DOM0003250 | 180000.00 | 06/27/2025 | Books | Dewey Decimal Classification | CBE Dodoma | CBE Dodoma | General Collection | 02/17/2010 | 60000.00 | |||||
| 06/27/2025 | 338.5 FRA | DOM0003403 | 180000.00 | 06/27/2025 | Books | Dewey Decimal Classification | CBE Dodoma | CBE Dodoma | General Collection | 02/17/2010 | 60000.00 |
